Control de acceso vehicular automatizado del recinto universitario Simón Bolívar de la universidad nacional de ingeniería Managua

La finalidad de este proyecto monográfico será proponer un modelo de un sistema de control de acceso, que identifique a los vehículos del personal universitario sin necesidad de detenerlos, proporcione información suficiente para que el conductor del vehículo encuentre y use de manera adecuada...

Full description

Bibliographic Details
Main Authors: Chamorro López, Jefferson Alexander, García Sánchez, Jean Benjamín
Other Authors: Tutor: Arcia Lacayo, Ramiro
Format: Tesis Section = Libro
Language:Undetermined
Spanish
Published: Managua UNI 2020
Subjects:
LEADER 01412nam a2200265Ia 4500
008 240830s9999 xx 000 0 und d
040 |a BIBLIOTECA-RUSB/ Mon 621.382 C442 
041 |a spa 
082 |a Mon 621.382 C442 
100 1 |a Chamorro López, Jefferson Alexander 
100 1 |b García Sánchez, Jean Benjamín 
245 1 0 |a Control de acceso vehicular automatizado del recinto universitario Simón Bolívar de la universidad nacional de ingeniería Managua 
260 |a Managua  |b UNI  |c 2020 
300 |a 95 p. :il 
500 |a Incluye anexos y CD. 
502 |a Tesis (Ingeniero Eléctrico) - UNI, 2015. 
520 3 |a La finalidad de este proyecto monográfico será proponer un modelo de un sistema de control de acceso, que identifique a los vehículos del personal universitario sin necesidad de detenerlos, proporcione información suficiente para que el conductor del vehículo encuentre y use de manera adecuada las áreas de estacionamiento designadas oficialmente, así mismo, este sistema controlará la cantidad de vehículos que puedan ingresar para que no superen la cantidad de espacios disponibles en el estacionamiento. 
650 7 |a SISTEMA ELECTRONICO 
650 7 |b  CONTROL VEHICULAR 
650 7 |c  TECNOLOGIA DE AUTOMATIZACION 
650 7 |d  DISPOSITIVOS ELECTRONICOS 
700 1 |a Tutor:  |b Arcia Lacayo, Ramiro 
942 |c BK  |2 ddc 
991 |a TESIS 
999 |c 22179